{"text_format":"3","workbook":"xlsx","n_sheets":1,"sheets":["Worksheet"],"read":"whole","date_system":"1900"}

{"sheet":"Worksheet","index":0,"n_rows":311,"n_cols":17,"rows_kept":311}
["№","Название ОУ","Фамилия","Имя","Отчество","Пол","Дата рождения","Участник с ОВЗ","Класс","Класс участия","Балл","Макс. балл","Статус","Призер МЭ прошлого года","Учитель","Место работы учителя","Предмет"]
[1,"МБОУ «Лицей №35» НМР РТ","Захаров","Дмитрий","Ярославович","м","26.06.2014",null,5,5,23,25,"победитель",null,"Бикмухаметов Рамис Фанисович","МБОУ \"Лицей №35\" НМР РТ","Биология"]
[2,"МБОУ «Лицей №35» НМР РТ","Абдурашитов","Марат","Равилевич","м","05.10.2013",null,5,5,23,25,"призер",null,"Бикмухаметов Рамис Фанисович","МБОУ \"Лицей №35\" НМР РТ","Биология"]
[3,"МБОУ «Лицей №35» НМР РТ","Хуснутдинова","Эвелина","Марселевна","ж","26.04.2014",null,5,5,23,25,"призер",null,"Бикмухаметов Рамис Фанисович","МБОУ \"Лицей №35\" НМР РТ","Биология"]
[4,"МБОУ «Лицей №35» НМР РТ","Конюхов","Арсений","Максимович","м","08.01.2015",null,5,5,22,25,"призер",null,"Бикмухаметов Рамис Фанисович","МБОУ \"Лицей №35\" НМР РТ","Биология"]
[5,"МБОУ «Лицей №35» НМР РТ","Селиверстов","Ярослав","Сергеевич","м","11.06.2014",null,5,5,22,25,"призер",null,"Бикмухаметов Рамис Фанисович","МБОУ \"Лицей №35\" НМР РТ","Биология"]
[6,"МБОУ «Лицей №35» НМР РТ","Фаттахов","Азат","Алмазович","м","06.11.2013",null,5,5,22,25,"призер",null,"Бикмухаметов Рамис Фанисович","МБОУ \"Лицей №35\" НМР РТ","Биология"]
[7,"МБОУ «Лицей №35» НМР РТ","Усманова","Азалия","Ильгамовна","ж","25.02.2014",null,5,5,21,25,"участник",null,"Бикмухаметов Рамис Фанисович","МБОУ \"Лицей №35\" НМР РТ","Биология"]
[8,"МБОУ «Лицей №35» НМР РТ","Салихов","Радэль","Радикович","м","26.05.2014",null,5,5,21,25,"участник",null,"Бикмухаметов Рамис Фанисович","МБОУ \"Лицей №35\" НМР РТ","Биология"]
[9,"МБОУ «Лицей №35» НМР РТ","Шарипова","Дания","Айратовна","ж","27.12.2013",null,5,5,21,25,"участник",null,"Бикмухаметов Рамис Фанисович","МБОУ \"Лицей №35\" НМР РТ","Биология"]
[10,"МБОУ «Лицей №35» НМР РТ","Валеев","Марсель","Раилевич","м","05.02.2014",null,5,5,20,25,"участник",null,"Бикмухаметов Рамис Фанисович","МБОУ \"Лицей №35\" НМР РТ","Биология"]
[11,"МБОУ «Лицей №35» НМР РТ","Гайнутдинова","Алия","Айратовна","ж","25.02.2014",null,5,5,20,25,"участник",null,"Бикмухаметов Рамис Фанисович","МБОУ \"Лицей №35\" НМР РТ","Биология"]
[12,"МБОУ «Лицей №35» НМР РТ","Горячкина","Милана","Андреевна","ж","08.09.2014",null,5,5,20,25,"участник",null,"Бикмухаметов Рамис Фанисович","МБОУ \"Лицей №35\" НМР РТ","Биология"]
[13,"МБОУ «Лицей №35» НМР РТ","Серегина","Виктория","Валерьевна","ж","09.07.2014",null,5,5,20,25,"участник",null,"Бикмухаметов Рамис Фанисович","МБОУ \"Лицей №35\" НМР РТ","Биология"]
[14,"МБОУ «Лицей №35» НМР РТ","Романов","Данил","Михайлович","м","21.10.2013",null,5,5,19,25,"участник",null,"Бикмухаметов Рамис Фанисович","МБОУ \"Лицей №35\" НМР РТ","Биология"]
[15,"МБОУ «Лицей №35» НМР РТ","Тудиярова","Виктория","Алексеевна","ж","10.06.2014",null,5,5,19,25,"участник",null,"Бикмухаметов Рамис Фанисович","МБОУ \"Лицей №35\" НМР РТ","Биология"]
[16,"МБОУ «Лицей №35» НМР РТ","Халикова","Ясмина","Ильнуровна","ж","31.01.2014",null,5,5,19,25,"участник",null,"Бикмухаметов Рамис Фанисович","МБОУ \"Лицей №35\" НМР РТ","Биология"]
[17,"МБОУ «Лицей №35» НМР РТ","Мухлисова","Ясмина","Рустемовна","ж","20.06.2014",null,5,5,19,25,"участник",null,"Бикмухаметов Рамис Фанисович","МБОУ \"Лицей №35\" НМР РТ","Биология"]
[18,"МБОУ «Лицей №35» НМР РТ","Акутина","Милана","Алексеевна","ж","23.12.2013",null,5,5,19,25,"участник",null,"Бикмухаметов Рамис Фанисович","МБОУ \"Лицей №35\" НМР РТ","Биология"]
[19,"МБОУ «Лицей №35» НМР РТ","Иванова","Дарина","Владиславовна","ж","07.07.2014",null,5,5,19,25,"участник",null,"Бикмухаметов Рамис Фанисович","МБОУ \"Лицей №35\" НМР РТ","Биология"]
[20,"МБОУ «Лицей №35» НМР РТ","Тетерина","Екатерина","Игоревна","ж","17.01.2014",null,5,5,19,25,"участник",null,"Бикмухаметов Рамис Фанисович","МБОУ \"Лицей №35\" НМР РТ","Биология"]
[21,"МБОУ «Лицей №35» НМР РТ","Шадрин","Максим","Александрович","м","15.12.2013",null,5,5,19,25,"участник",null,"Бикмухаметов Рамис Фанисович","МБОУ \"Лицей №35\" НМР РТ","Биология"]
[22,"МБОУ «Лицей №35» НМР РТ","Шайдуллин","Самат","Ильдарович","м","03.07.2014",null,5,5,19,25,"участник",null,"Бикмухаметов Рамис Фанисович","МБОУ \"Лицей №35\" НМР РТ","Биология"]
[23,"МБОУ «Лицей №35» НМР РТ","Колпаков","Никита","Александрович","м","27.01.2014",null,5,5,18,25,"участник",null,"Бикмухаметов Рамис Фанисович","МБОУ \"Лицей №35\" НМР РТ","Биология"]
[24,"МБОУ «Лицей №35» НМР РТ","Матвеев","Тимур","Николаевич","м","03.04.2014",null,5,5,18,25,"участник",null,"Бикмухаметов Рамис Фанисович","МБОУ \"Лицей №35\" НМР РТ","Биология"]
[25,"МБОУ «Лицей №35» НМР РТ","Жуков","Ярослав","Олегович","м","27.04.2014",null,5,5,18,25,"участник",null,"Бикмухаметов Рамис Фанисович","МБОУ \"Лицей №35\" НМР РТ","Биология"]
[26,"МБОУ «Лицей №35» НМР РТ","Шабуров","Ян","Артемович","м","13.06.2014",null,5,5,18,25,"участник",null,"Бикмухаметов Рамис Фанисович","МБОУ \"Лицей №35\" НМР РТ","Биология"]
[27,"МБОУ «Лицей №35» НМР РТ","Камалова","Малика","Артуровна","ж","28.11.2014",null,5,5,17,25,"участник",null,"Бикмухаметов Рамис Фанисович","МБОУ \"Лицей №35\" НМР РТ","Биология"]
[28,"МБОУ «Лицей №35» НМР РТ","Морозова","Злата","Дмитриевна","ж","11.02.2014",null,5,5,17,25,"участник",null,"Бикмухаметов Рамис Фанисович","МБОУ \"Лицей №35\" НМР РТ","Биология"]
[29,"МБОУ «Лицей №35» НМР РТ","Салахов","Рафаэль","Рашидович","м","08.08.2014",null,5,5,17,25,"участник",null,"Бикмухаметов Рамис Фанисович","МБОУ \"Лицей №35\" НМР РТ","Биология"]
[30,"МБОУ «Лицей №35» НМР РТ","Газизуллин","Амир","Альбертович","м","25.02.2014",null,5,5,17,25,"участник",null,"Бикмухаметов Рамис Фанисович","МБОУ \"Лицей №35\" НМР РТ","Биология"]
[31,"МБОУ «Лицей №35» НМР РТ","Галиева","Дана","Булатовна","ж","16.01.2015",null,5,5,17,25,"участник",null,"Бикмухаметов Рамис Фанисович","МБОУ \"Лицей №35\" НМР РТ","Биология"]
[32,"МБОУ «Лицей №35» НМР РТ","Загитова","Елизавета","Романовна","ж","29.08.2014",null,5,5,17,25,"участник",null,"Бикмухаметов Рамис Фанисович","МБОУ \"Лицей №35\" НМР РТ","Биология"]
[33,"МБОУ «Лицей №35» НМР РТ","Хаммадеев","Камиль","Ринатович","м","04.04.2014",null,5,5,17,25,"участник",null,"Бикмухаметов Рамис Фанисович","МБОУ \"Лицей №35\" НМР РТ","Биология"]
[34,"МБОУ «Лицей №35» НМР РТ","Шахмаев","Давид","Артакович","м","04.03.2014",null,5,5,17,25,"участник",null,"Бикмухаметов Рамис Фанисович","МБОУ \"Лицей №35\" НМР РТ","Биология"]
[35,"МБОУ «Лицей №35» НМР РТ","Бурцев","Дмитрий","Андреевич","м","02.09.2014",null,5,5,17,25,"участник",null,"Бикмухаметов Рамис Фанисович","МБОУ \"Лицей №35\" НМР РТ","Биология"]
[36,"МБОУ «Лицей №35» НМР РТ","Гречуха","Виктория","Максимовна","ж","20.06.2014",null,5,5,17,25,"участник",null,"Бикмухаметов Рамис Фанисович","МБОУ \"Лицей №35\" НМР РТ","Биология"]
[37,"МБОУ «Лицей №35» НМР РТ","Сорокина","Ярослава","Александровна","м","03.01.2014",null,5,5,16,25,"участник",null,"Бикмухаметов Рамис Фанисович","МБОУ \"Лицей №35\" НМР РТ","Биология"]
[38,"МБОУ «Лицей №35» НМР РТ","Кучерова","Ульяна","Ивановна","ж","04.07.2014",null,5,5,16,25,"участник",null,"Бикмухаметов Рамис Фанисович","МБОУ \"Лицей №35\" НМР РТ","Биология"]
[39,"МБОУ «Лицей №35» НМР РТ","Минеева","Ульяна","Сергеевна","ж","22.11.2013",null,5,5,16,25,"участник",null,"Бикмухаметов Рамис Фанисович","МБОУ \"Лицей №35\" НМР РТ","Биология"]
[40,"МБОУ «Лицей №35» НМР РТ","Гундарова","Ангелина","Максимовна","ж","18.07.2014",null,5,5,16,25,"участник",null,"Бикмухаметов Рамис Фанисович","МБОУ \"Лицей №35\" НМР РТ","Биология"]
[41,"МБОУ «Лицей №35» НМР РТ","Харисов","Арслан","Равилевич","м","14.08.2014",null,5,5,16,25,"участник",null,"Бикмухаметов Рамис Фанисович","МБОУ \"Лицей №35\" НМР РТ","Биология"]
[42,"МБОУ «Лицей №35» НМР РТ","Хисамеева","Гузель","Ильшатовна","ж","05.01.2014",null,5,5,16,25,"участник",null,"Бикмухаметов Рамис Фанисович","МБОУ \"Лицей №35\" НМР РТ","Биология"]
[43,"МБОУ «Лицей №35» НМР РТ","Агеева","Валенсия","Андреевна","ж","05.09.2013",null,5,5,15,25,"участник",null,"Бикмухаметов Рамис Фанисович","МБОУ \"Лицей №35\" НМР РТ","Биология"]
[44,"МБОУ «Лицей №35» НМР РТ","Радикова","Арина","Радиковна","ж","28.11.2014",null,5,5,15,25,"участник",null,"Бикмухаметов Рамис Фанисович","МБОУ \"Лицей №35\" НМР РТ","Биология"]
[45,"МБОУ «Лицей №35» НМР РТ","Байрамова","Альвина","Ильдаровна","ж","22.05.2014",null,5,5,15,25,"участник",null,"Бикмухаметов Рамис Фанисович","МБОУ \"Лицей №35\" НМР РТ","Биология"]
[46,"МБОУ «Лицей №35» НМР РТ","Тузеев","Алексей","Дмитриевич","м","02.06.2014",null,5,5,14,25,"участник",null,"Бикмухаметов Рамис Фанисович","МБОУ \"Лицей №35\" НМР РТ","Биология"]
[47,"МБОУ «Лицей №35» НМР РТ","Абдулвалеев","Тимур","Ринатович","м","23.09.2014",null,5,5,13,25,"участник",null,"Бикмухаметов Рамис Фанисович","МБОУ \"Лицей №35\" НМР РТ","Биология"]
[48,"МБОУ «Лицей №35» НМР РТ","Гатина","Динара","Радиковна","ж","10.04.2014",null,5,5,13,25,"участник",null,"Бикмухаметов Рамис Фанисович","МБОУ \"Лицей №35\" НМР РТ","Биология"]
[49,"МБОУ «Лицей №35» НМР РТ","Аделева","Амира","Айратовна","ж","09.01.2014",null,5,5,13,25,"участник",null,"Бикмухаметов Рамис Фанисович","МБОУ \"Лицей №35\" НМР РТ","Биология"]
[50,"МБОУ «Лицей №35» НМР РТ","Каюмова","Миляуша","Ильшатовна","ж","17.03.2014",null,5,5,13,25,"участник",null,"Бикмухаметов Рамис Фанисович","МБОУ \"Лицей №35\" НМР РТ","Биология"]
[51,"МБОУ «Лицей №35» НМР РТ","Кондратьева","Варвара","Алексеевна","ж","01.11.2013",null,5,5,13,25,"участник",null,"Бикмухаметов Рамис Фанисович","МБОУ \"Лицей №35\" НМР РТ","Биология"]
[52,"МБОУ «Лицей №35» НМР РТ","Сибагатуллина","Эвелина","Рафаэлевна","ж","10.02.2014",null,5,5,13,25,"участник",null,"Бикмухаметов Рамис Фанисович","МБОУ \"Лицей №35\" НМР РТ","Биология"]
[53,"МБОУ «Лицей №35» НМР РТ","Агапова","Дарья","Юрьевна","ж","11.08.2014",null,5,5,12,25,"участник",null,"Бикмухаметов Рамис Фанисович","МБОУ \"Лицей №35\" НМР РТ","Биология"]
[54,"МБОУ «Лицей №35» НМР РТ","Полякова","Алиса","Алексеевна","ж","12.05.2014",null,5,5,12,25,"участник",null,"Бикмухаметов Рамис Фанисович","МБОУ \"Лицей №35\" НМР РТ","Биология"]
[55,"МБОУ «Лицей №35» НМР РТ","Зубова","Стефания","Максимовна","ж","01.12.2014",null,5,5,12,25,"участник",null,"Бикмухаметов Рамис Фанисович","МБОУ \"Лицей №35\" НМР РТ","Биология"]
[56,"МБОУ «Лицей №35» НМР РТ","Ахметгареева","Альмира","Радиковна","ж","06.12.2013",null,5,5,12,25,"участник",null,"Бикмухаметов Рамис Фанисович","МБОУ \"Лицей №35\" НМР РТ","Биология"]
[57,"МБОУ «Лицей №35» НМР РТ","Каримов","Рамазан","Шамилевич","м","06.08.2014",null,5,5,11,25,"участник",null,"Бикмухаметов Рамис Фанисович","МБОУ \"Лицей №35\" НМР РТ","Биология"]
[58,"МБОУ «Лицей №35» НМР РТ","Носов","Мирон","Дмитриевич","м","25.11.2013",null,5,5,11,25,"участник",null,"Бикмухаметов Рамис Фанисович","МБОУ \"Лицей №35\" НМР РТ","Биология"]
[59,"МБОУ «Лицей №35» НМР РТ","Шарифуллин","Карим","Ленарович","м","07.06.2014",null,5,5,10,25,"участник",null,"Бикмухаметов Рамис Фанисович","МБОУ \"Лицей №35\" НМР РТ","Биология"]
[60,"МБОУ «Лицей №35» НМР РТ","Махмутов","Данил","Марселевич","м","31.07.2014",null,5,5,10,25,"участник",null,"Бикмухаметов Рамис Фанисович","МБОУ \"Лицей №35\" НМР РТ","Биология"]
[61,"МБОУ «Лицей №35» НМР РТ","Гильмутдинова","Дилария","Рафаэлевна","ж","03.07.2014",null,5,5,10,25,"участник",null,"Бикмухаметов Рамис Фанисович","МБОУ \"Лицей №35\" НМР РТ","Биология"]
[62,"МБОУ «Лицей №35» НМР РТ","Зайнутдинов","Самир","Айдарович","м","04.04.2014",null,5,5,10,25,"участник",null,"Бикмухаметов Рамис Фанисович","МБОУ \"Лицей №35\" НМР РТ","Биология"]
[63,"МБОУ «Лицей №35» НМР РТ","Кубасова","Елизавета","Александровна","ж","04.02.2014",null,5,5,10,25,"участник",null,"Бикмухаметов Рамис Фанисович","МБОУ \"Лицей №35\" НМР РТ","Биология"]
[64,"МБОУ «Лицей №35» НМР РТ","Горбенко","Злата","Дмитриевна","ж","06.06.2012",null,5,5,9,25,"участник",null,"Бикмухаметов Рамис Фанисович","МБОУ \"Лицей №35\" НМР РТ","Биология"]
[65,"МБОУ «Лицей №35» НМР РТ","Никулов","Дмитрий","Максимович","м","14.02.2014",null,5,5,9,25,"участник",null,"Бикмухаметов Рамис Фанисович","МБОУ \"Лицей №35\" НМР РТ","Биология"]
[66,"МБОУ «Лицей №35» НМР РТ","Кирякин","Давид","Антонович","м","19.09.2014",null,5,5,8,25,"участник",null,"Бикмухаметов Рамис Фанисович","МБОУ \"Лицей №35\" НМР РТ","Биология"]
[67,"МБОУ «Лицей №35» НМР РТ","Шарапова","Ангелина","Денисовна","ж","31.12.2013",null,5,5,8,25,"участник",null,"Бикмухаметов Рамис Фанисович","МБОУ \"Лицей №35\" НМР РТ","Биология"]
[68,"МБОУ «Лицей №35» НМР РТ","Гареев","Руслан","Дмитриевич","м","11.10.2014",null,5,5,7,25,"участник",null,"Бикмухаметов Рамис Фанисович","МБОУ \"Лицей №35\" НМР РТ","Биология"]
[69,"МБОУ «Лицей №35» НМР РТ","Ахметшина","Рузиля","Рузилевна","ж","31.01.2014",null,5,5,6,25,"участник",null,"Бикмухаметов Рамис Фанисович","МБОУ \"Лицей №35\" НМР РТ","Биология"]
[70,"МБОУ «Лицей №35» НМР РТ","Суханаев","Эмиль","Марселевич","м","02.10.2012",null,6,6,22,25,"победитель",null,"Бикмухаметов Рамис Фанисович","МБОУ \"Лицей №35\" НМР РТ","Биология"]
[71,"МБОУ «Лицей №35» НМР РТ","Джангидзе","Анна","Зурабовна","ж","01.02.2013",null,6,6,22,25,"призер",null,"Бикмухаметов Рамис Фанисович","МБОУ \"Лицей №35\" НМР РТ","Биология"]
[72,"МБОУ «Лицей №35» НМР РТ","Хисамутдинов","Вильдан","Айратович","м","12.10.2013",null,6,6,22,25,"призер",null,"Бикмухаметов Рамис Фанисович","МБОУ \"Лицей №35\" НМР РТ","Биология"]
[73,"МБОУ «Лицей №35» НМР РТ","Фазылов","Тимур","Ренатович","м","06.09.2013",null,6,6,22,25,"участник",null,"Бикмухаметов Рамис Фанисович","МБОУ \"Лицей №35\" НМР РТ","Биология"]
[74,"МБОУ «Лицей №35» НМР РТ","Вафина","Ляйля","Ильдаровна","ж","27.10.2013",null,6,6,22,25,"участник",null,"Бикмухаметов Рамис Фанисович","МБОУ \"Лицей №35\" НМР РТ","Биология"]
[75,"МБОУ «Лицей №35» НМР РТ","Бикмухаметова","Софья","Маратовна","ж","30.07.2013",null,6,6,21,25,"участник",null,"Бикмухаметов Рамис Фанисович","МБОУ \"Лицей №35\" НМР РТ","Биология"]
[76,"МБОУ «Лицей №35» НМР РТ","Апатина","Дарья","Алексеевна","ж","17.09.2013",null,6,6,21,25,"участник",null,"Бикмухаметов Рамис Фанисович","МБОУ \"Лицей №35\" НМР РТ","Биология"]
[77,"МБОУ «Лицей №35» НМР РТ","Божкова","Анастасия","Сергеевна","ж","11.08.2013",null,6,6,21,25,"участник",null,"Бикмухаметов Рамис Фанисович","МБОУ \"Лицей №35\" НМР РТ","Биология"]
[78,"МБОУ «Лицей №35» НМР РТ","Газетдинова","Регина","Ильдаровна","ж","05.05.2013",null,6,6,20,25,"участник",null,"Бикмухаметов Рамис Фанисович","МБОУ \"Лицей №35\" НМР РТ","Биология"]
[79,"МБОУ «Лицей №35» НМР РТ","Калачёва","Елизавета","Евгеньевна","ж","01.08.2013",null,6,6,18,25,"участник",null,"Бикмухаметов Рамис Фанисович","МБОУ \"Лицей №35\" НМР РТ","Биология"]
[80,"МБОУ «Лицей №35» НМР РТ","Галлямов","Ильяс","Ильдарович","м","07.08.2013",null,6,6,18,25,"участник",null,"Бикмухаметов Рамис Фанисович","МБОУ \"Лицей №35\" НМР РТ","Биология"]
[81,"МБОУ «Лицей №35» НМР РТ","Сариева","София","Антоновна","ж","13.06.2013",null,6,6,18,25,"участник",null,"Бикмухаметов Рамис Фанисович","МБОУ \"Лицей №35\" НМР РТ","Биология"]
[82,"МБОУ «Лицей №35» НМР РТ","Хайбуллина","Агния","Руслановна","ж","23.01.2013",null,6,6,18,25,"участник",null,"Бикмухаметов Рамис Фанисович","МБОУ \"Лицей №35\" НМР РТ","Биология"]
[83,"МБОУ «Лицей №35» НМР РТ","Мохначева","Полина","Павловна","ж","15.03.2013",null,6,6,17,25,"участник",null,"Бикмухаметов Рамис Фанисович","МБОУ \"Лицей №35\" НМР РТ","Биология"]
[84,"МБОУ «Лицей №35» НМР РТ","Махмутова","Аделя","Айнуровна","ж","21.05.2013",null,6,6,17,25,"участник",null,"Бикмухаметов Рамис Фанисович","МБОУ \"Лицей №35\" НМР РТ","Биология"]
[85,"МБОУ «Лицей №35» НМР РТ","Зейналов","Карим","Рашитович","м","13.05.2013",null,6,6,16,25,"участник",null,"Бикмухаметов Рамис Фанисович","МБОУ \"Лицей №35\" НМР РТ","Биология"]
[86,"МБОУ «Лицей №35» НМР РТ","Аблакатова","Софья","Алексеевна","ж","03.06.2013",null,6,6,16,25,"участник",null,"Бикмухаметов Рамис Фанисович","МБОУ \"Лицей №35\" НМР РТ","Биология"]
[87,"МБОУ «Лицей №35» НМР РТ","Суслин","Макар","Николаевич","м","09.01.2014",null,6,6,16,25,"участник",null,"Бикмухаметов Рамис Фанисович","МБОУ \"Лицей №35\" НМР РТ","Биология"]
[88,"МБОУ «Лицей №35» НМР РТ","Киселева","Анастасия","Дмитриевна","ж","11.04.2013",null,6,6,16,25,"участник",null,"Бикмухаметов Рамис Фанисович","МБОУ \"Лицей №35\" НМР РТ","Биология"]
[89,"МБОУ «Лицей №35» НМР РТ","Камалов","Аслан","Ильсурович","м","22.10.2013",null,6,6,15,25,"участник",null,"Бикмухаметов Рамис Фанисович","МБОУ \"Лицей №35\" НМР РТ","Биология"]
[90,"МБОУ «Лицей №35» НМР РТ","Ямгуров","Тимур","Ленарович","м","26.11.2012",null,6,6,15,25,"участник",null,"Бикмухаметов Рамис Фанисович","МБОУ \"Лицей №35\" НМР РТ","Биология"]
[91,"МБОУ «Лицей №35» НМР РТ","Гаврилова","Ева","Валерьевна","ж","02.05.2013",null,6,6,14,25,"участник",null,"Бикмухаметов Рамис Фанисович","МБОУ \"Лицей №35\" НМР РТ","Биология"]
[92,"МБОУ «Лицей №35» НМР РТ","Жеребцов","Арсений","Сергеевич","м","21.12.2012",null,6,6,14,25,"участник",null,"Бикмухаметов Рамис Фанисович","МБОУ \"Лицей №35\" НМР РТ","Биология"]
[93,"МБОУ «Лицей №35» НМР РТ","Леванова","Варвара","Александровна","ж","20.08.2013",null,6,6,14,25,"участник",null,"Бикмухаметов Рамис Фанисович","МБОУ \"Лицей №35\" НМР РТ","Биология"]
[94,"МБОУ «Лицей №35» НМР РТ","Гирфанова","Сафина","Руслановна","ж","09.12.2013",null,6,6,14,25,"участник",null,"Бикмухаметов Рамис Фанисович","МБОУ \"Лицей №35\" НМР РТ","Биология"]
[95,"МБОУ «Лицей №35» НМР РТ","Преображенский","Михаил","Александрович","м","19.12.2012",null,6,6,13,25,"участник",null,"Бикмухаметов Рамис Фанисович","МБОУ \"Лицей №35\" НМР РТ","Биология"]
[96,"МБОУ «Лицей №35» НМР РТ","Максимова","Виктория","Павловна","ж","11.01.2013",null,6,6,13,25,"участник",null,"Бикмухаметов Рамис Фанисович","МБОУ \"Лицей №35\" НМР РТ","Биология"]
[97,"МБОУ «Лицей №35» НМР РТ","Дьячков","Тимур","Антонович","м","14.08.2013",null,6,6,12,25,"участник",null,"Бикмухаметов Рамис Фанисович","МБОУ \"Лицей №35\" НМР РТ","Биология"]
[98,"МБОУ «Лицей №35» НМР РТ","Дербишин","Эльдар","Александрович","м","15.11.2012",null,6,6,11,25,"участник",null,"Бикмухаметов Рамис Фанисович","МБОУ \"Лицей №35\" НМР РТ","Биология"]
[99,"МБОУ «Лицей №35» НМР РТ","Барсуков","Егор","Алексеевич","м","24.09.2013",null,6,6,10,25,"участник",null,"Бикмухаметов Рамис Фанисович","МБОУ \"Лицей №35\" НМР РТ","Биология"]
[100,"МБОУ «Лицей №35» НМР РТ","Григорьева","Виктория","Евгеньевна","ж","25.05.2013",null,6,6,10,25,"участник",null,"Бикмухаметов Рамис Фанисович","МБОУ \"Лицей №35\" НМР РТ","Биология"]
[101,"МБОУ «Лицей №35» НМР РТ","Басирова","Ралина","Маратовна","ж","20.11.2013",null,6,6,9,25,"участник",null,"Бикмухаметов Рамис Фанисович","МБОУ \"Лицей №35\" НМР РТ","Биология"]
[102,"МБОУ «Лицей №35» НМР РТ","Сайфутдинов","Карим","Ильдарович","м","07.03.2013",null,6,6,7,25,"участник",null,"Бикмухаметов Рамис Фанисович","МБОУ \"Лицей №35\" НМР РТ","Биология"]
[103,"МБОУ «Лицей №35» НМР РТ","Ахмадуллина","Малика","Фаязовна","ж","11.03.2013",null,6,6,16,25,"участник",null,"Гильфанова Лилия Габделфатовна","МБОУ \"Лицей №35\" НМР РТ","Биология"]
[104,"МБОУ «Лицей №35» НМР РТ","Березкин","Демид","Александрович","м","12.06.2013",null,6,6,15,25,"участник",null,"Гильфанова Лилия Габделфатовна","МБОУ \"Лицей №35\" НМР РТ","Биология"]
[105,"МБОУ «Лицей №35» НМР РТ","Газизова","Зарина","Рамилевна","ж","16.05.2013",null,6,6,14,25,"участник",null,"Гильфанова Лилия Габделфатовна","МБОУ \"Лицей №35\" НМР РТ","Биология"]
[106,"МБОУ «Лицей №35» НМР РТ","Гильфанов","Ильсур","Ильясович","м","14.11.2012",null,6,6,18,25,"участник",null,"Гильфанова Лилия Габделфатовна","МБОУ \"Лицей №35\" НМР РТ","Биология"]
[107,"МБОУ «Лицей №35» НМР РТ","Ефимов","Глеб","Эдуардович","м","16.08.2013",null,6,6,7,25,"участник",null,"Гильфанова Лилия Габделфатовна","МБОУ \"Лицей №35\" НМР РТ","Биология"]
[108,"МБОУ «Лицей №35» НМР РТ","Загрутдинова","Эльза","Ильшатовна","ж","18.07.2013",null,6,6,16,25,"участник",null,"Гильфанова Лилия Габделфатовна","МБОУ \"Лицей №35\" НМР РТ","Биология"]
[109,"МБОУ «Лицей №35» НМР РТ","Замалиева","Люция","Ильнаровна","ж","20.05.2013",null,6,6,20,25,"призер",null,"Гильфанова Лилия Габделфатовна","МБОУ \"Лицей №35\" НМР РТ","Биология"]
[110,"МБОУ «Лицей №35» НМР РТ","Зинатов","Карим","Русланович","м","21.12.2012",null,6,6,13,25,"участник",null,"Гильфанова Лилия Габделфатовна","МБОУ \"Лицей №35\" НМР РТ","Биология"]
[111,"МБОУ «Лицей №35» НМР РТ","Ибрагимова","Ясмина","Айратовна","ж","06.11.2013",null,6,6,8,25,"участник",null,"Гильфанова Лилия Габделфатовна","МБОУ \"Лицей №35\" НМР РТ","Биология"]
[112,"МБОУ «Лицей №35» НМР РТ","Кузнецов","Матвей","Дмитриевич","м","01.12.2012",null,6,6,2,25,"участник",null,"Гильфанова Лилия Габделфатовна","МБОУ \"Лицей №35\" НМР РТ","Биология"]
[113,"МБОУ «Лицей №35» НМР РТ","Москвин","Тагир","Денисович","м","05.06.2013",null,6,6,5,25,"участник",null,"Гильфанова Лилия Габделфатовна","МБОУ \"Лицей №35\" НМР РТ","Биология"]
[114,"МБОУ «Лицей №35» НМР РТ","Самигуллина","Раяна","Ильсуровна","ж","23.12.2012",null,6,6,16,25,"участник",null,"Гильфанова Лилия Габделфатовна","МБОУ \"Лицей №35\" НМР РТ","Биология"]
[115,"МБОУ «Лицей №35» НМР РТ","Семенова","Есения","Витальевна","ж","01.12.2013",null,6,6,15,25,"участник",null,"Гильфанова Лилия Габделфатовна","МБОУ \"Лицей №35\" НМР РТ","Биология"]
[116,"МБОУ «Лицей №35» НМР РТ","Скляров","Роман","Александрович","м","26.06.2013",null,6,6,16,25,"участник",null,"Гильфанова Лилия Габделфатовна","МБОУ \"Лицей №35\" НМР РТ","Биология"]
[117,"МБОУ «Лицей №35» НМР РТ","Хайруллин","Роман","Русланович","м","30.07.2013",null,6,6,17,25,"участник",null,"Гильфанова Лилия Габделфатовна","МБОУ \"Лицей №35\" НМР РТ","Биология"]
[118,"МБОУ «Лицей №35» НМР РТ","Халиуллина","Ралина","Фанилевна","ж","04.07.2013",null,6,6,17,25,"участник",null,"Гильфанова Лилия Габделфатовна","МБОУ \"Лицей №35\" НМР РТ","Биология"]
[119,"МБОУ «Лицей №35» НМР РТ","Хафизова","Айгуль","Радиковна","ж","06.08.2013",null,6,6,17,25,"участник",null,"Гильфанова Лилия Габделфатовна","МБОУ \"Лицей №35\" НМР РТ","Биология"]
[120,"МБОУ «Лицей №35» НМР РТ","Хисамутдинов","Раиль","Маратович","м","23.10.2012",null,6,6,17,25,"участник",null,"Гильфанова Лилия Габделфатовна","МБОУ \"Лицей №35\" НМР РТ","Биология"]
[121,"МБОУ «Лицей №35» НМР РТ","Цветков-Лутай","Андрей","Сергеевич","м","30.03.2013",null,6,6,18,25,"участник",null,"Гильфанова Лилия Габделфатовна","МБОУ \"Лицей №35\" НМР РТ","Биология"]
[122,"МБОУ «Лицей №35» НМР РТ","Шаехов","Эмиль","Айратович","м","25.12.2012",null,6,6,17,25,"участник",null,"Гильфанова Лилия Габделфатовна","МБОУ \"Лицей №35\" НМР РТ","Биология"]
[123,"МБОУ «Лицей №35» НМР РТ","Абдурахманова","Ильнара","Маратовна","ж","02.02.2013",null,6,6,15,25,"участник",null,"Гильфанова Лилия Габделфатовна","МБОУ \"Лицей №35\" НМР РТ","Биология"]
[124,"МБОУ «Лицей №35» НМР РТ","Горина","Кира","Сергеевна","ж","06.06.2013",null,6,6,18,25,"участник",null,"Гильфанова Лилия Габделфатовна","МБОУ \"Лицей №35\" НМР РТ","Биология"]
[125,"МБОУ «Лицей №35» НМР РТ","Криницын","Вадим","Павлович","м","13.08.2013",null,6,6,13,25,"участник",null,"Гильфанова Лилия Габделфатовна","МБОУ \"Лицей №35\" НМР РТ","Биология"]
[126,"МБОУ «Лицей №35» НМР РТ","Абдулвалеева","Алина","Ринатовна","ж","01.03.2012",null,7,7,12,30,"участник",null,"Ахтямзянова Альфия Гилимулловна","МБОУ \"Лицей №35\" НМР РТ","Биология"]
[127,"МБОУ «Лицей №35» НМР РТ","Агеев","Артемий","Андреевич","м","30.10.2012",null,7,7,12,30,"участник",null,"Гильфанова Лилия Габделфатовна","МБОУ \"Лицей №35\" НМР РТ","Биология"]
[128,"МБОУ «Лицей №35» НМР РТ","Адиятова","Алия","Айдаровна","ж","31.03.2012",null,7,7,10,30,"участник",null,"Гильфанова Лилия Габделфатовна","МБОУ \"Лицей №35\" НМР РТ","Биология"]
[129,"МБОУ «Лицей №35» НМР РТ","Балаш","Виктория","Сергеевна","ж","27.09.2012",null,7,7,16,30,"участник",null,"Гильфанова Лилия Габделфатовна","МБОУ \"Лицей №35\" НМР РТ","Биология"]
[130,"МБОУ «Лицей №35» НМР РТ","Болтачёва","Амелия","Александровна","ж","02.12.2012",null,7,7,17,30,"участник",null,"Гильфанова Лилия Габделфатовна","МБОУ \"Лицей №35\" НМР РТ","Биология"]
[131,"МБОУ «Лицей №35» НМР РТ","Булаева","Анна","Сергеевна","ж","22.11.2012",null,7,7,20,30,"участник",null,"Гильфанова Лилия Габделфатовна","МБОУ \"Лицей №35\" НМР РТ","Биология"]
[132,"МБОУ «Лицей №35» НМР РТ","Бурнина","Екатерина","Сергеевна","ж","17.05.2012",null,7,7,22,30,"призер",null,"Гильфанова Лилия Габделфатовна","МБОУ \"Лицей №35\" НМР РТ","Биология"]
[133,"МБОУ «Лицей №35» НМР РТ","Вагапов","Кирилл","Артёмович","м","01.10.2012",null,7,7,8,30,"участник",null,"Гильфанова Лилия Габделфатовна","МБОУ \"Лицей №35\" НМР РТ","Биология"]
[134,"МБОУ «Лицей №35» НМР РТ","Вишнякова","Татьяна","Игоревна","ж","28.02.2012",null,7,7,18,30,"участник",null,"Гильфанова Лилия Габделфатовна","МБОУ \"Лицей №35\" НМР РТ","Биология"]
[135,"МБОУ «Лицей №35» НМР РТ","Галанин","Сергей","Дмитриевич","м","16.08.2012",null,7,7,10,30,"участник",null,"Гильфанова Лилия Габделфатовна","МБОУ \"Лицей №35\" НМР РТ","Биология"]
[136,"МБОУ «Лицей №35» НМР РТ","Гаязова","Самира","Хамитовна","ж","08.11.2012",null,7,7,20,30,"участник","Да","Гильфанова Лилия Габделфатовна","МБОУ \"Лицей №35\" НМР РТ","Биология"]
[137,"МБОУ «Лицей №35» НМР РТ","Гильфанов","Рамазан","Рустамович","м","25.07.2012",null,7,7,14,30,"участник",null,"Ахтямзянова Альфия Гилимулловна","МБОУ \"Лицей №35\" НМР РТ","Биология"]
[138,"МБОУ «Лицей №35» НМР РТ","Гирфанова","Сарбиназ","Фанисовна","ж","21.02.2013",null,7,7,12,30,"участник",null,"Гильфанова Лилия Габделфатовна","МБОУ \"Лицей №35\" НМР РТ","Биология"]
[139,"МБОУ «Лицей №35» НМР РТ","Горбенко","Варвара","Дмитриевна","ж","06.06.2012",null,7,7,12,30,"участник",null,"Гильфанова Лилия Габделфатовна","МБОУ \"Лицей №35\" НМР РТ","Биология"]
[140,"МБОУ «Лицей №35» НМР РТ","Дементьев","Даниил","Владимирович","м","05.07.2012",null,7,7,21,30,"участник",null,"Гильфанова Лилия Габделфатовна","МБОУ \"Лицей №35\" НМР РТ","Биология"]
[141,"МБОУ «Лицей №35» НМР РТ","Закирова","Диляра","Ильфатовна","ж","25.05.2012",null,7,7,16,30,"участник",null,"Гильфанова Лилия Габделфатовна","МБОУ \"Лицей №35\" НМР РТ","Биология"]
[142,"МБОУ «Лицей №35» НМР РТ","Закирова","Милана","Артемовна","ж","01.01.2012",null,7,7,23,30,"призер",null,"Ахтямзянова Альфия Гилимулловна","МБОУ \"Лицей №35\" НМР РТ","Биология"]
[143,"МБОУ «Лицей №35» НМР РТ","Исмагилова","София","Ильнаровна","ж","08.07.2012",null,7,7,7,30,"участник",null,"Гильфанова Лилия Габделфатовна","МБОУ \"Лицей №35\" НМР РТ","Биология"]
[144,"МБОУ «Лицей №35» НМР РТ","Каймакина","Валерия","Александрова","ж","14.05.2012",null,7,7,7,30,"участник",null,"Гильфанова Лилия Габделфатовна","МБОУ \"Лицей №35\" НМР РТ","Биология"]
[145,"МБОУ «Лицей №35» НМР РТ","Калаганова","Анастасия","Андреевна","ж","06.11.2012",null,7,7,11,30,"участник",null,"Ахтямзянова Альфия Гилимулловна","МБОУ \"Лицей №35\" НМР РТ","Биология"]
[146,"МБОУ «Лицей №35» НМР РТ","Климин","Игорь","Андреевич","м","08.04.2012",null,7,7,23,30,"призер",null,"Ахтямзянова Альфия Гилимулловна","МБОУ \"Лицей №35\" НМР РТ","Биология"]
[147,"МБОУ «Лицей №35» НМР РТ","Константинов","Захар","Андреевич","м","01.03.2012",null,7,7,19,30,"участник",null,"Ахтямзянова Альфия Гилимулловна","МБОУ \"Лицей №35\" НМР РТ","Биология"]
[148,"МБОУ «Лицей №35» НМР РТ","Лапина","Светлана","Викторовна","ж","20.08.2012",null,7,7,14,30,"участник",null,"Гильфанова Лилия Габделфатовна","МБОУ \"Лицей №35\" НМР РТ","Биология"]
[149,"МБОУ «Лицей №35» НМР РТ","Ляпина","Амалия","Игоревна","ж","15.05.2012",null,7,7,24,30,"призер",null,"Гильфанова Лилия Габделфатовна","МБОУ \"Лицей №35\" НМР РТ","Биология"]
[150,"МБОУ «Лицей №35» НМР РТ","Матвеева","Арина","Артёмовна","ж","02.07.2012",null,7,7,21,30,"участник",null,"Гильфанова Лилия Габделфатовна","МБОУ \"Лицей №35\" НМР РТ","Биология"]
[151,"МБОУ «Лицей №35» НМР РТ","Миннуллина","Юлия","Ильдаровна","ж","17.06.2012",null,7,7,15,30,"участник",null,"Гильфанова Лилия Габделфатовна","МБОУ \"Лицей №35\" НМР РТ","Биология"]
[152,"МБОУ «Лицей №35» НМР РТ","Митрофанова","Полина","Вадимовна","ж","07.10.2012",null,7,7,14,30,"участник",null,"Ахтямзянова Альфия Гилимулловна","МБОУ \"Лицей №35\" НМР РТ","Биология"]
[153,"МБОУ «Лицей №35» НМР РТ","Мухаметшина","Карина","Ильдаровна","ж","06.01.2012",null,7,7,15,30,"участник",null,"Гильфанова Лилия Габделфатовна","МБОУ \"Лицей №35\" НМР РТ","Биология"]
[154,"МБОУ «Лицей №35» НМР РТ","Мухомедзянов","Рустам","Илдарович","м","17.07.2012",null,7,7,19,30,"участник",null,"Ахтямзянова Альфия Гилимулловна","МБОУ \"Лицей №35\" НМР РТ","Биология"]
[155,"МБОУ «Лицей №35» НМР РТ","Нагуманов","Наиль","Рустемович","м","17.10.2012",null,7,7,14,30,"участник",null,"Ахтямзянова Альфия Гилимулловна","МБОУ \"Лицей №35\" НМР РТ","Биология"]
[156,"МБОУ «Лицей №35» НМР РТ","Насибуллина","Динара","Ильдаровна","ж","19.04.2012",null,7,7,25,30,"победитель","Да","Гильфанова Лилия Габделфатовна","МБОУ \"Лицей №35\" НМР РТ","Биология"]
[157,"МБОУ «Лицей №35» НМР РТ","Низаметдинова","Диляра","Фаритовна","ж","05.07.2012",null,7,7,4,30,"участник",null,"Ахтямзянова Альфия Гилимулловна","МБОУ \"Лицей №35\" НМР РТ","Биология"]
[158,"МБОУ «Лицей №35» НМР РТ","Никонов","Илья","Алексеевич","м","27.06.2012",null,7,7,21,30,"участник",null,"Гильфанова Лилия Габделфатовна","МБОУ \"Лицей №35\" НМР РТ","Биология"]
[159,"МБОУ «Лицей №35» НМР РТ","Нугуманова","Алия","Рустамовна","ж","17.10.2012",null,7,7,17,30,"участник",null,"Ахтямзянова Альфия Гилимулловна","МБОУ \"Лицей №35\" НМР РТ","Биология"]
[160,"МБОУ «Лицей №35» НМР РТ","Осипов","Максим","Романович","м","20.06.2012",null,7,7,11,30,"участник",null,"Гильфанова Лилия Габделфатовна","МБОУ \"Лицей №35\" НМР РТ","Биология"]
[161,"МБОУ «Лицей №35» НМР РТ","Осипова","Злата","Александрова","ж","18.10.2012",null,7,7,14,30,"участник",null,"Гильфанова Лилия Габделфатовна","МБОУ \"Лицей №35\" НМР РТ","Биология"]
[162,"МБОУ «Лицей №35» НМР РТ","Радикова","Ангелина","Радиковна","ж","31.12.2012",null,7,7,10,30,"участник",null,"Гильфанова Лилия Габделфатовна","МБОУ \"Лицей №35\" НМР РТ","Биология"]
[163,"МБОУ «Лицей №35» НМР РТ","Сажнёв","Матвей","Александрович","м","27.12.2012",null,7,7,8,30,"участник",null,"Ахтямзянова Альфия Гилимулловна","МБОУ \"Лицей №35\" НМР РТ","Биология"]
[164,"МБОУ «Лицей №35» НМР РТ","Санникова","Александра","Александровна","ж","12.09.2012",null,7,7,17,30,"участник",null,"Гильфанова Лилия Габделфатовна","МБОУ \"Лицей №35\" НМР РТ","Биология"]
[165,"МБОУ «Лицей №35» НМР РТ","Сергеева","Карина","Андреевна","ж","04.05.2012",null,7,7,18,30,"участник",null,"Гильфанова Лилия Габделфатовна","МБОУ \"Лицей №35\" НМР РТ","Биология"]
[166,"МБОУ «Лицей №35» НМР РТ","Синев","Максим","Алексеевич","м","25.03.2012",null,7,7,12,30,"участник",null,"Гильфанова Лилия Габделфатовна","МБОУ \"Лицей №35\" НМР РТ","Биология"]
[167,"МБОУ «Лицей №35» НМР РТ","Сираканян","Давид","Игоревич","м","27.08.2012",null,7,7,20,30,"участник",null,"Ахтямзянова Альфия Гилимулловна","МБОУ \"Лицей №35\" НМР РТ","Биология"]
[168,"МБОУ «Лицей №35» НМР РТ","Скрыпников","Максим","Александрович","м","12.01.2012",null,7,7,18,30,"участник",null,"Гильфанова Лилия Габделфатовна","МБОУ \"Лицей №35\" НМР РТ","Биология"]
[169,"МБОУ «Лицей №35» НМР РТ","Сорокина","Мирослава","Артемовна","ж","18.08.2012",null,7,7,15,30,"участник",null,"Ахтямзянова Альфия Гилимулловна","МБОУ \"Лицей №35\" НМР РТ","Биология"]
[170,"МБОУ «Лицей №35» НМР РТ","Сулейманов","Ильназ","Ильмирович","м","03.09.2012",null,7,7,16,30,"участник",null,"Ахтямзянова Альфия Гилимулловна","МБОУ \"Лицей №35\" НМР РТ","Биология"]
[171,"МБОУ «Лицей №35» НМР РТ","Сушилова","Наталья","Сергеевна","ж","30.05.2012",null,7,7,15,30,"участник",null,"Гильфанова Лилия Габделфатовна","МБОУ \"Лицей №35\" НМР РТ","Биология"]
[172,"МБОУ «Лицей №35» НМР РТ","Тихонов","Михаил","Олегович","м","29.05.2012",null,7,7,9,30,"участник",null,"Гильфанова Лилия Габделфатовна","МБОУ \"Лицей №35\" НМР РТ","Биология"]
[173,"МБОУ «Лицей №35» НМР РТ","Тихонова","Анастасия","Вадимовна","ж","05.12.2011",null,7,7,13,30,"участник",null,"Ахтямзянова Альфия Гилимулловна","МБОУ \"Лицей №35\" НМР РТ","Биология"]
[174,"МБОУ «Лицей №35» НМР РТ","Тузеева","Анастасия","Дмитриевна","ж","03.05.2012",null,7,7,11,30,"участник",null,"Гильфанова Лилия Габделфатовна","МБОУ \"Лицей №35\" НМР РТ","Биология"]
[175,"МБОУ «Лицей №35» НМР РТ","Усманов","Алмаз","Ильгамович","м","30.11.2011",null,7,7,16,30,"участник",null,"Ахтямзянова Альфия Гилимулловна","МБОУ \"Лицей №35\" НМР РТ","Биология"]
[176,"МБОУ «Лицей №35» НМР РТ","Фазилова","Азалия","Ильнаровна","ж","12.09.2012",null,7,7,12,30,"участник",null,"Гильфанова Лилия Габделфатовна","МБОУ \"Лицей №35\" НМР РТ","Биология"]
[177,"МБОУ «Лицей №35» НМР РТ","Фаррахова","Арина","Равилевна","ж","03.01.2012",null,7,7,20,30,"участник",null,"Ахтямзянова Альфия Гилимулловна","МБОУ \"Лицей №35\" НМР РТ","Биология"]
[178,"МБОУ «Лицей №35» НМР РТ","Хазиев","Ильназ","Ленарович","м","17.01.2012",null,7,7,12,30,"участник",null,"Ахтямзянова Альфия Гилимулловна","МБОУ \"Лицей №35\" НМР РТ","Биология"]
[179,"МБОУ «Лицей №35» НМР РТ","Хафизова","Ралина","Айнуровна","ж","12.01.2012",null,7,7,20,30,"участник",null,"Гильфанова Лилия Габделфатовна","МБОУ \"Лицей №35\" НМР РТ","Биология"]
[180,"МБОУ «Лицей №35» НМР РТ","Хусаинова","Дарья","Юрьевна","ж","27.12.2011",null,7,7,19,30,"участник",null,"Гильфанова Лилия Габделфатовна","МБОУ \"Лицей №35\" НМР РТ","Биология"]
[181,"МБОУ «Лицей №35» НМР РТ","Шаймухаметов","Даниил","Русланович","м","19.07.2012",null,7,7,22,30,"призер","Да","Ахтямзянова Альфия Гилимулловна","МБОУ \"Лицей №35\" НМР РТ","Биология"]
[182,"МБОУ «Лицей №35» НМР РТ","Шайхутдинова","Самира","Ильнаровна","ж","18.05.2012",null,7,7,17,30,"участник",null,"Гильфанова Лилия Габделфатовна","МБОУ \"Лицей №35\" НМР РТ","Биология"]
[183,"МБОУ «Лицей №35» НМР РТ","Шандырова","Валерия","Витальевна","ж","02.01.2012",null,7,7,21,30,"участник",null,"Ахтямзянова Альфия Гилимулловна","МБОУ \"Лицей №35\" НМР РТ","Биология"]
[184,"МБОУ «Лицей №35» НМР РТ","Шарафутдинова","Эвелина","Айдаровна","ж","11.01.2012",null,7,7,19,30,"участник",null,"Гильфанова Лилия Габделфатовна","МБОУ \"Лицей №35\" НМР РТ","Биология"]
[185,"МБОУ «Лицей №35» НМР РТ","Шарифуллин","Булат","Ренатович","м","28.02.2012",null,7,7,21,30,"призер",null,"Гильфанова Лилия Габделфатовна","МБОУ \"Лицей №35\" НМР РТ","Биология"]
[186,"МБОУ «Лицей №35» НМР РТ","Шахмиева","Риана","Рафаэлевна","ж","04.05.2012",null,7,7,19,30,"участник","Да","Ахтямзянова Альфия Гилимулловна","МБОУ \"Лицей №35\" НМР РТ","Биология"]
[187,"МБОУ «Лицей №35» НМР РТ","Юлдашева","Амалия","Маратовна","ж","16.09.2012",null,7,7,17,30,"участник",null,"Гильфанова Лилия Габделфатовна","МБОУ \"Лицей №35\" НМР РТ","Биология"]
[188,"МБОУ «Лицей №35» НМР РТ","Юнусова","Ралина","Ильфатовна","ж","22.11.2012",null,7,7,0,30,"участник",null,"Гильфанова Лилия Габделфатовна","МБОУ \"Лицей №35\" НМР РТ","Биология"]
[189,"МБОУ «Лицей №35» НМР РТ","Насыйрова","Эмилия","Ильнуровна","ж","09.06.2012",null,7,7,12,30,"участник",null,"Гильфанова Лилия Габделфатовна","МБОУ \"Лицей №35\" НМР РТ","Биология"]
[190,"МБОУ «Лицей №35» НМР РТ","Апевалова","Виктория","Юрьевна","ж","14.07.2011",null,8,8,27,33,"победитель",null,"Бикмухаметов Рамис Фанисович","МБОУ \"Лицей №35\" НМР РТ","Биология"]
[191,"МБОУ «Лицей №35» НМР РТ","Мальцева","Эмилия","Геннадьевна","ж","31.03.2011",null,8,8,27,33,"призер",null,"Бикмухаметов Рамис Фанисович","МБОУ \"Лицей №35\" НМР РТ","Биология"]
[192,"МБОУ «Лицей №35» НМР РТ","Крисанова","Ксения","Алексеевна","ж","01.03.2011",null,8,8,27,33,"призер",null,"Бикмухаметов Рамис Фанисович","МБОУ \"Лицей №35\" НМР РТ","Биология"]
[193,"МБОУ «Лицей №35» НМР РТ","Галеева","Яна","Тимуровна","ж","07.05.2011",null,8,8,25,33,"призер",null,"Бикмухаметов Рамис Фанисович","МБОУ \"Лицей №35\" НМР РТ","Биология"]
[194,"МБОУ «Лицей №35» НМР РТ","Исбатов","Теймур","Фуадович","м","11.08.2011",null,8,8,24,33,"призер",null,"Бикмухаметов Рамис Фанисович","МБОУ \"Лицей №35\" НМР РТ","Биология"]
[195,"МБОУ «Лицей №35» НМР РТ","Валиуллин","Тимур","Альбертович","м","08.02.2011",null,8,8,24,33,"участник",null,"Бикмухаметов Рамис Фанисович","МБОУ \"Лицей №35\" НМР РТ","Биология"]
[196,"МБОУ «Лицей №35» НМР РТ","Ефимов","Александр","Эдуардович","м","18.12.2010",null,8,8,24,33,"участник",null,"Бикмухаметов Рамис Фанисович","МБОУ \"Лицей №35\" НМР РТ","Биология"]
[197,"МБОУ «Лицей №35» НМР РТ","Чекашова","Анастасия","Владимировна","ж","09.12.2010",null,8,8,24,33,"участник",null,"Бикмухаметов Рамис Фанисович","МБОУ \"Лицей №35\" НМР РТ","Биология"]
[198,"МБОУ «Лицей №35» НМР РТ","Чернобровкина","Арина","Евгеньевна","ж","20.06.2011",null,8,8,23,33,"участник",null,"Бикмухаметов Рамис Фанисович","МБОУ \"Лицей №35\" НМР РТ","Биология"]
[199,"МБОУ «Лицей №35» НМР РТ","Абзалова","Валерия","Маратовна","ж","12.10.2010",null,8,8,23,33,"участник",null,"Бикмухаметов Рамис Фанисович","МБОУ \"Лицей №35\" НМР РТ","Биология"]
[200,"МБОУ «Лицей №35» НМР РТ","Салихова","Амира","Ильгизовна","ж","20.10.2011",null,8,8,23,33,"участник",null,"Бикмухаметов Рамис Фанисович","МБОУ \"Лицей №35\" НМР РТ","Биология"]
[201,"МБОУ «Лицей №35» НМР РТ","Валиева","Ралина","Искандеровна","ж","31.01.2011",null,8,8,22,33,"участник",null,"Бикмухаметов Рамис Фанисович","МБОУ \"Лицей №35\" НМР РТ","Биология"]
[202,"МБОУ «Лицей №35» НМР РТ","Карамова","Риана","Ильдаровна","ж","03.10.2011",null,8,8,22,33,"участник",null,"Бикмухаметов Рамис Фанисович","МБОУ \"Лицей №35\" НМР РТ","Биология"]
[203,"МБОУ «Лицей №35» НМР РТ","Михайлова","Василина","Егоровна","ж","04.09.2011",null,8,8,22,33,"участник",null,"Бикмухаметов Рамис Фанисович","МБОУ \"Лицей №35\" НМР РТ","Биология"]
[204,"МБОУ «Лицей №35» НМР РТ","Вятчанникова","Евгения","Сергеевна","ж","21.09.2011",null,8,8,22,33,"участник",null,"Бикмухаметов Рамис Фанисович","МБОУ \"Лицей №35\" НМР РТ","Биология"]
[205,"МБОУ «Лицей №35» НМР РТ","Гисматуллин","Тимур","Русланович","м","06.01.2011",null,8,8,22,33,"участник",null,"Бикмухаметов Рамис Фанисович","МБОУ \"Лицей №35\" НМР РТ","Биология"]
[206,"МБОУ «Лицей №35» НМР РТ","Матвеева","Екатерина","Алексеевна","ж","01.08.2011",null,8,8,22,33,"участник",null,"Бикмухаметов Рамис Фанисович","МБОУ \"Лицей №35\" НМР РТ","Биология"]
[207,"МБОУ «Лицей №35» НМР РТ","Садыкова","Назира","Рустемовна","ж","12.12.2010",null,8,8,22,33,"участник",null,"Бикмухаметов Рамис Фанисович","МБОУ \"Лицей №35\" НМР РТ","Биология"]
[208,"МБОУ «Лицей №35» НМР РТ","Фазлиева","Айзиля","Андреевна","ж","29.12.2011",null,8,8,22,33,"участник",null,"Бикмухаметов Рамис Фанисович","МБОУ \"Лицей №35\" НМР РТ","Биология"]
[209,"МБОУ «Лицей №35» НМР РТ","Ахмадуллин","Булат","Артурович","м","11.09.2011",null,8,8,21,33,"участник",null,"Бикмухаметов Рамис Фанисович","МБОУ \"Лицей №35\" НМР РТ","Биология"]
[210,"МБОУ «Лицей №35» НМР РТ","Садриев","Артём","Маратович","м","14.06.2011",null,8,8,20,33,"участник",null,"Бикмухаметов Рамис Фанисович","МБОУ \"Лицей №35\" НМР РТ","Биология"]
[211,"МБОУ «Лицей №35» НМР РТ","Татаринова","Валерия","Алексеевна","ж","02.01.2011",null,8,8,20,33,"участник",null,"Бикмухаметов Рамис Фанисович","МБОУ \"Лицей №35\" НМР РТ","Биология"]
[212,"МБОУ «Лицей №35» НМР РТ","Галиева","Амира","Жалиловна","ж","29.08.2011",null,8,8,19,33,"участник",null,"Бикмухаметов Рамис Фанисович","МБОУ \"Лицей №35\" НМР РТ","Биология"]
[213,"МБОУ «Лицей №35» НМР РТ","Салмина","Таня","Ивановна","ж","25.11.2010",null,8,8,19,33,"участник",null,"Бикмухаметов Рамис Фанисович","МБОУ \"Лицей №35\" НМР РТ","Биология"]
[214,"МБОУ «Лицей №35» НМР РТ","Игнатьева","Аделина","Андреевна","ж","04.08.2011",null,8,8,19,33,"участник",null,"Бикмухаметов Рамис Фанисович","МБОУ \"Лицей №35\" НМР РТ","Биология"]
[215,"МБОУ «Лицей №35» НМР РТ","Ганихин","Макар","Максимович","м","12.01.2011",null,8,8,17,33,"участник",null,"Бикмухаметов Рамис Фанисович","МБОУ \"Лицей №35\" НМР РТ","Биология"]
[216,"МБОУ «Лицей №35» НМР РТ","Саетов","Тимур","Ленарович","м","14.01.2011",null,8,8,16,33,"участник",null,"Бикмухаметов Рамис Фанисович","МБОУ \"Лицей №35\" НМР РТ","Биология"]
[217,"МБОУ «Лицей №35» НМР РТ","Кисенко","Злата","Витальевна","ж","05.09.2011",null,8,8,16,33,"участник",null,"Бикмухаметов Рамис Фанисович","МБОУ \"Лицей №35\" НМР РТ","Биология"]
[218,"МБОУ «Лицей №35» НМР РТ","Коноплева","Анастасия","Павловна","ж","27.04.2011",null,8,8,15,33,"участник",null,"Бикмухаметов Рамис Фанисович","МБОУ \"Лицей №35\" НМР РТ","Биология"]
[219,"МБОУ «Лицей №35» НМР РТ","Федин","Даниил","Олегович","м","22.12.2010",null,8,8,14,33,"участник",null,"Бикмухаметов Рамис Фанисович","МБОУ \"Лицей №35\" НМР РТ","Биология"]
[220,"МБОУ «Лицей №35» НМР РТ","Сабиров","Тимур","Рамилевич","м","10.08.2011",null,8,8,12,33,"участник","Да","Бикмухаметов Рамис Фанисович","МБОУ \"Лицей №35\" НМР РТ","Биология"]
[221,"МБОУ «Лицей №35» НМР РТ","Хайбуллин","Данис","Русланович","м","03.07.2011",null,8,8,12,33,"участник",null,"Бикмухаметов Рамис Фанисович","МБОУ \"Лицей №35\" НМР РТ","Биология"]
[222,"МБОУ «Лицей №35» НМР РТ","Романов","Владимир","Михайлович","м","09.04.2011",null,8,8,11,33,"участник",null,"Бикмухаметов Рамис Фанисович","МБОУ \"Лицей №35\" НМР РТ","Биология"]
[223,"МБОУ «Лицей №35» НМР РТ","Гимранова","Лиана","Маратовна","ж","20.05.2011",null,8,8,11,33,"участник",null,"Бикмухаметов Рамис Фанисович","МБОУ \"Лицей №35\" НМР РТ","Биология"]
[224,"МБОУ «Лицей №35» НМР РТ","Шайхуллин","Ринат","Рустамович","м","09.11.2011",null,8,8,9,33,"участник",null,"Бикмухаметов Рамис Фанисович","МБОУ \"Лицей №35\" НМР РТ","Биология"]
[225,"МБОУ «Лицей №35» НМР РТ","Тазиев","Низам","Рамилевич","м","26.06.2011",null,8,8,6,33,"участник",null,"Бикмухаметов Рамис Фанисович","МБОУ \"Лицей №35\" НМР РТ","Биология"]
[226,"МБОУ «Лицей №35» НМР РТ","Фатхуллин","Дамир","Маратович","м","04.04.2011",null,8,8,6,33,"участник",null,"Бикмухаметов Рамис Фанисович","МБОУ \"Лицей №35\" НМР РТ","Биология"]
[227,"МБОУ «Лицей №35» НМР РТ","Гайнуллин","Булат","Эдуардович","м","12.09.2011",null,8,8,3,33,"участник",null,"Бикмухаметов Рамис Фанисович","МБОУ \"Лицей №35\" НМР РТ","Биология"]
[228,"МБОУ «Лицей №35» НМР РТ","Кияшко","Арина","Станиславовна","ж","17.03.2011",null,8,8,3,33,"участник",null,"Бикмухаметов Рамис Фанисович","МБОУ \"Лицей №35\" НМР РТ","Биология"]
[229,"МБОУ «Лицей №35» НМР РТ","Антонова","Ксения","Александровна","ж","15.09.2011",null,8,8,11,33,"участник",null,"Гильфанова Лилия Габделфатовна","МБОУ \"Лицей №35\" НМР РТ","Биология"]
[230,"МБОУ «Лицей №35» НМР РТ","Волков","Андрей","Владиславович","м","17.04.2011",null,8,8,17,33,"участник",null,"Гильфанова Лилия Габделфатовна","МБОУ \"Лицей №35\" НМР РТ","Биология"]
[231,"МБОУ «Лицей №35» НМР РТ","Макаров","Данил","Александрович","м","13.10.2011",null,8,8,18,33,"участник",null,"Гильфанова Лилия Габделфатовна","МБОУ \"Лицей №35\" НМР РТ","Биология"]
[232,"МБОУ «Лицей №35» НМР РТ","Мельникова","Ирина","Витальевна","ж","03.10.2011",null,8,8,16,33,"участник",null,"Гильфанова Лилия Габделфатовна","МБОУ \"Лицей №35\" НМР РТ","Биология"]
[233,"МБОУ «Лицей №35» НМР РТ","Мирзаханова","Залия","Ильшатовна","ж","18.09.2011",null,8,8,23,33,"участник",null,"Гильфанова Лилия Габделфатовна","МБОУ \"Лицей №35\" НМР РТ","Биология"]
[234,"МБОУ «Лицей №35» НМР РТ","Мутыгуллина","Айсылу","Алмазовна","ж","09.11.2011",null,8,8,9,33,"участник",null,"Гильфанова Лилия Габделфатовна","МБОУ \"Лицей №35\" НМР РТ","Биология"]
[235,"МБОУ «Лицей №35» НМР РТ","Намжил","Дарья","Владимировна","ж","23.04.2011",null,8,8,9,33,"участник",null,"Гильфанова Лилия Габделфатовна","МБОУ \"Лицей №35\" НМР РТ","Биология"]
[236,"МБОУ «Лицей №35» НМР РТ","Петрунникова","Полина","Александровна","ж","26.04.2011",null,8,8,24,33,"призер",null,"Гильфанова Лилия Габделфатовна","МБОУ \"Лицей №35\" НМР РТ","Биология"]
[237,"МБОУ «Лицей №35» НМР РТ","Ризванов","Денис","Хамитович","м","10.01.2011",null,8,8,20,33,"участник",null,"Гильфанова Лилия Габделфатовна","МБОУ \"Лицей №35\" НМР РТ","Биология"]
[238,"МБОУ «Лицей №35» НМР РТ","Семенов","Сергей","Андреевич","м","04.07.2011",null,8,8,25,33,"призер",null,"Гильфанова Лилия Габделфатовна","МБОУ \"Лицей №35\" НМР РТ","Биология"]
[239,"МБОУ «Лицей №35» НМР РТ","Сиразетдинова","Милана","Альбертовна","ж","22.09.2011",null,8,8,9,33,"участник",null,"Гильфанова Лилия Габделфатовна","МБОУ \"Лицей №35\" НМР РТ","Биология"]
[240,"МБОУ «Лицей №35» НМР РТ","Хайбрахманова","Малика","Ришатовна","ж","14.12.2011",null,8,8,6,33,"участник",null,"Гильфанова Лилия Габделфатовна","МБОУ \"Лицей №35\" НМР РТ","Биология"]
[241,"МБОУ «Лицей №35» НМР РТ","Хусаинова","Румия","Ринатовна","ж","23.03.2011",null,8,8,22,33,"участник",null,"Гильфанова Лилия Габделфатовна","МБОУ \"Лицей №35\" НМР РТ","Биология"]
[242,"МБОУ «Лицей №35» НМР РТ","Шишкин","Леонид","Павлович","м","17.08.2011",null,8,8,11,33,"участник",null,"Гильфанова Лилия Габделфатовна","МБОУ \"Лицей №35\" НМР РТ","Биология"]
[243,"МБОУ «Лицей №35» НМР РТ","Хасанова","Малика","Рустемовна","ж","05.07.2011",null,8,8,11,33,"участник","Да","Бикмухаметов Рамис Фанисович","МБОУ \"Лицей №35\" НМР РТ","Биология"]
[244,"МБОУ «Лицей №35» НМР РТ","Макарова","Виктория","Викторовна","ж","17.10.2011",null,8,8,11,33,"участник","Да",{"$f":"$M$244","v":"участник"},{"$f":"$N$244","v":"Да"},"Биология"]
[245,"МБОУ «Лицей №35» НМР РТ","Яковлев","Иван","Максимович","м","17.12.2010",null,9,9,50,56,"победитель",null,"Бикмухаметов Рамис Фанисович","МБОУ \"Лицей №35\" НМР РТ","Биология"]
[246,"МБОУ «Лицей №35» НМР РТ","Яковлев","Александр","Максимович","м","17.12.2010",null,9,9,49,56,"призер",null,"Бикмухаметов Рамис Фанисович","МБОУ \"Лицей №35\" НМР РТ","Биология"]
[247,"МБОУ «Лицей №35» НМР РТ","Гильмутдинов","Данияр","Рафаэлевич","м","20.03.2010",null,9,9,48,56,"призер","Да","Бикмухаметов Рамис Фанисович","МБОУ \"Лицей №35\" НМР РТ","Биология"]
[248,"МБОУ «Лицей №35» НМР РТ","Гудошникова","Мария","Альбертовна","ж","24.09.2010",null,9,9,45,56,"участник",null,"Бикмухаметов Рамис Фанисович","МБОУ \"Лицей №35\" НМР РТ","Биология"]
[249,"МБОУ «Лицей №35» НМР РТ","Болтикова","Валерия","Георгиевна","ж","09.09.2010",null,9,9,44,56,"участник",null,"Бикмухаметов Рамис Фанисович","МБОУ \"Лицей №35\" НМР РТ","Биология"]
[250,"МБОУ «Лицей №35» НМР РТ","Гатин","Ислам","Русланович","м","09.02.2009",null,9,9,42,56,"участник",null,"Бикмухаметов Рамис Фанисович","МБОУ \"Лицей №35\" НМР РТ","Биология"]
[251,"МБОУ «Лицей №35» НМР РТ","Титова","Софья","Андреевна","ж","07.02.2010",null,9,9,39,56,"участник",null,"Бикмухаметов Рамис Фанисович","МБОУ \"Лицей №35\" НМР РТ","Биология"]
[252,"МБОУ «Лицей №35» НМР РТ","Гараева","айгуль","ревалевна","ж","31.01.2010",null,9,9,34,56,"участник",null,"Бикмухаметов Рамис Фанисович","МБОУ \"Лицей №35\" НМР РТ","Биология"]
[253,"МБОУ «Лицей №35» НМР РТ","Кузнецов","Кирилл","Вячеславович","м","01.05.2010",null,9,9,30,56,"участник",null,"Бикмухаметов Рамис Фанисович","МБОУ \"Лицей №35\" НМР РТ","Биология"]
[254,"МБОУ «Лицей №35» НМР РТ","Чистоедова","Мария","Николаевна","ж","09.02.2010",null,9,9,29,56,"участник",null,"Бикмухаметов Рамис Фанисович","МБОУ \"Лицей №35\" НМР РТ","Биология"]
[255,"МБОУ «Лицей №35» НМР РТ","Минеева","Елизавета","Дмитриевна","ж","18.09.2010",null,9,9,29,56,"участник",null,"Бикмухаметов Рамис Фанисович","МБОУ \"Лицей №35\" НМР РТ","Биология"]
[256,"МБОУ «Лицей №35» НМР РТ","Красненков","Никита","Сергеевич","м","18.03.2010",null,9,9,28,56,"участник",null,"Бикмухаметов Рамис Фанисович","МБОУ \"Лицей №35\" НМР РТ","Биология"]
[257,"МБОУ «Лицей №35» НМР РТ","Тетерин","Алексей","Игоревич","м","07.05.2010",null,9,9,28,56,"участник",null,"Бикмухаметов Рамис Фанисович","МБОУ \"Лицей №35\" НМР РТ","Биология"]
[258,"МБОУ «Лицей №35» НМР РТ","Куршакова","Дарья","Валентиновна","ж","25.09.2010",null,9,9,28,56,"участник",null,"Бикмухаметов Рамис Фанисович","МБОУ \"Лицей №35\" НМР РТ","Биология"]
[259,"МБОУ «Лицей №35» НМР РТ","Миндубаев","Хаким","Наилевич","м","13.08.2010",null,9,9,28,56,"участник",null,"Бикмухаметов Рамис Фанисович","МБОУ \"Лицей №35\" НМР РТ","Биология"]
[260,"МБОУ «Лицей №35» НМР РТ","Тиханушкина","Мария","Александровна","ж","08.12.2009",null,9,9,26,56,"участник","Да","Бикмухаметов Рамис Фанисович","МБОУ \"Лицей №35\" НМР РТ","Биология"]
[261,"МБОУ «Лицей №35» НМР РТ","Тихонов","Константин","Андреевич","м","14.10.2010",null,9,9,24,56,"участник",null,"Бикмухаметов Рамис Фанисович","МБОУ \"Лицей №35\" НМР РТ","Биология"]
[262,"МБОУ «Лицей №35» НМР РТ","Теляков","Константин","Михайлович","м","12.07.2010",null,9,9,24,56,"участник",null,"Бикмухаметов Рамис Фанисович","МБОУ \"Лицей №35\" НМР РТ","Биология"]
[263,"МБОУ «Лицей №35» НМР РТ","Яруллин","Камиль","Рамилевич","м","22.02.2010",null,9,9,21,56,"участник",null,"Бикмухаметов Рамис Фанисович","МБОУ \"Лицей №35\" НМР РТ","Биология"]
[264,"МБОУ «Лицей №35» НМР РТ","Рахимзянова","Раушания","Маратовна","ж","22.08.2010",null,9,9,21,56,"участник",null,"Бикмухаметов Рамис Фанисович","МБОУ \"Лицей №35\" НМР РТ","Биология"]
[265,"МБОУ «Лицей №35» НМР РТ","Хисматуллина","Зарина","Руслановна","ж","22.12.2010",null,9,9,20,56,"участник",null,"Бикмухаметов Рамис Фанисович","МБОУ \"Лицей №35\" НМР РТ","Биология"]
[266,"МБОУ «Лицей №35» НМР РТ","Санжапова","Зарина","Альфаровна","ж","22.02.2010",null,9,9,20,56,"участник",null,"Бикмухаметов Рамис Фанисович","МБОУ \"Лицей №35\" НМР РТ","Биология"]
[267,"МБОУ «Лицей №35» НМР РТ","Сулейманова","Самира","Айратовна","ж","07.01.2010",null,9,9,16,56,"участник",null,"Бикмухаметов Рамис Фанисович","МБОУ \"Лицей №35\" НМР РТ","Биология"]
[268,"МБОУ «Лицей №35» НМР РТ","Амерханов","Ильяс","Айратович","м","28.03.2010",null,9,9,2,56,"участник",null,"Бикмухаметов Рамис Фанисович","МБОУ \"Лицей №35\" НМР РТ","Биология"]
[269,"МБОУ «Лицей №35» НМР РТ","Ахмадуллина","Мадина","Раилевна","ж","21.07.2009",null,10,10,13,63,"участник",null,"Гильфанова Лилия Габделфатовна","МБОУ \"Лицей №35\" НМР РТ","Биология"]
[270,"МБОУ «Лицей №35» НМР РТ","Ахмерова","Аделина","Ильдусовна","ж","08.04.2009",null,10,10,34,63,"участник",null,"Гильфанова Лилия Габделфатовна","МБОУ \"Лицей №35\" НМР РТ","Биология"]
[271,"МБОУ «Лицей №35» НМР РТ","Ахсанова","Дина","Маратовна","ж","31.12.2008",null,10,10,10,63,"участник",null,"Гильфанова Лилия Габделфатовна","МБОУ \"Лицей №35\" НМР РТ","Биология"]
[272,"МБОУ «Лицей №35» НМР РТ","Белкина","Мария","Владимировна","ж","10.12.2008",null,10,10,35,63,"участник",null,"Гильфанова Лилия Габделфатовна","МБОУ \"Лицей №35\" НМР РТ","Биология"]
[273,"МБОУ «Лицей №35» НМР РТ","Бирюкова","Анастасия","Сергеевна","ж","29.01.2009",null,10,10,23,63,"участник",null,"Гильфанова Лилия Габделфатовна","МБОУ \"Лицей №35\" НМР РТ","Биология"]
[274,"МБОУ «Лицей №35» НМР РТ","Булычева","Виктория","Дмитриевна","ж","27.11.2008",null,10,10,46,63,"призер",null,"Гильфанова Лилия Габделфатовна","МБОУ \"Лицей №35\" НМР РТ","Биология"]
[275,"МБОУ «Лицей №35» НМР РТ","Гайдаева","Арина","Александровна","ж","02.12.2009",null,10,10,28,63,"участник",null,"Гильфанова Лилия Габделфатовна","МБОУ \"Лицей №35\" НМР РТ","Биология"]
[276,"МБОУ «Лицей №35» НМР РТ","Галкин","Савва","Сергеевич","м","01.10.2009",null,10,10,21,63,"участник",null,"Гильфанова Лилия Габделфатовна","МБОУ \"Лицей №35\" НМР РТ","Биология"]
[277,"МБОУ «Лицей №35» НМР РТ","Гарафутдинова","Амина","Ильфатовна","ж","07.10.2009",null,10,10,8,63,"участник",null,"Гильфанова Лилия Габделфатовна","МБОУ \"Лицей №35\" НМР РТ","Биология"]
[278,"МБОУ «Лицей №35» НМР РТ","Горшунова","Юлия","Алексеевна","ж","04.10.2009",null,10,10,45,63,"участник",null,"Гильфанова Лилия Габделфатовна","МБОУ \"Лицей №35\" НМР РТ","Биология"]
[279,"МБОУ «Лицей №35» НМР РТ","Давкаева","Аида","Ивановна","ж","22.08.2009",null,10,10,15,63,"участник",null,"Гильфанова Лилия Габделфатовна","МБОУ \"Лицей №35\" НМР РТ","Биология"]
[280,"МБОУ «Лицей №35» НМР РТ","Долганов","Роман","Павлович","м","27.07.2009",null,10,10,20,63,"участник",null,"Гильфанова Лилия Габделфатовна","МБОУ \"Лицей №35\" НМР РТ","Биология"]
[281,"МБОУ «Лицей №35» НМР РТ","Иванова","Каролина","Аркадьевна","ж","03.05.2009",null,10,10,16,63,"участник",null,"Гильфанова Лилия Габделфатовна","МБОУ \"Лицей №35\" НМР РТ","Биология"]
[282,"МБОУ «Лицей №35» НМР РТ","Иванова","Ксения","Сергеевна","ж","05.02.2009",null,10,10,21,63,"участник",null,"Гильфанова Лилия Габделфатовна","МБОУ \"Лицей №35\" НМР РТ","Биология"]
[283,"МБОУ «Лицей №35» НМР РТ","Исламгулов","Ариф","Ильгамович","м","16.07.2009",null,10,10,41,63,"призер",null,"Гильфанова Лилия Габделфатовна","МБОУ \"Лицей №35\" НМР РТ","Биология"]
[284,"МБОУ «Лицей №35» НМР РТ","Исмагилова","Диляра","Ринатовна","ж","09.02.2009",null,10,10,38,63,"участник",null,"Гильфанова Лилия Габделфатовна","МБОУ \"Лицей №35\" НМР РТ","Биология"]
[285,"МБОУ «Лицей №35» НМР РТ","Калимуллина","Ралина","Рустемовна","ж","13.05.2009",null,10,10,48,63,"победитель","Да","Гильфанова Лилия Габделфатовна","МБОУ \"Лицей №35\" НМР РТ","Биология"]
[286,"МБОУ «Лицей №35» НМР РТ","Кашипов","Амир","Русланович","м","29.07.2009",null,10,10,8,63,"участник",null,"Гильфанова Лилия Габделфатовна","МБОУ \"Лицей №35\" НМР РТ","Биология"]
[287,"МБОУ «Лицей №35» НМР РТ","Мартышева","Кира","Ильдаровна","ж","10.09.2009",null,10,10,41,63,"участник",null,"Гильфанова Лилия Габделфатовна","МБОУ \"Лицей №35\" НМР РТ","Биология"]
[288,"МБОУ «Лицей №35» НМР РТ","Сайфулина","Лия","Рустамовна","ж","09.04.2009",null,10,10,25,63,"участник",null,"Гильфанова Лилия Габделфатовна","МБОУ \"Лицей №35\" НМР РТ","Биология"]
[289,"МБОУ «Лицей №35» НМР РТ","Сиразетдинова","Эвелина","Даниэлевна","ж","02.03.2009",null,10,10,16,63,"участник",null,"Гильфанова Лилия Габделфатовна","МБОУ \"Лицей №35\" НМР РТ","Биология"]
[290,"МБОУ «Лицей №35» НМР РТ","Сметанина","Мирослава","Сергеевна","ж","16.03.2009",null,10,10,34,63,"участник",null,"Гильфанова Лилия Габделфатовна","МБОУ \"Лицей №35\" НМР РТ","Биология"]
[291,"МБОУ «Лицей №35» НМР РТ","Стаценко","Полина","Алексеевна","ж","15.12.2008",null,10,10,15,63,"участник",null,"Гильфанова Лилия Габделфатовна","МБОУ \"Лицей №35\" НМР РТ","Биология"]
[292,"МБОУ «Лицей №35» НМР РТ","Тиллоева","Лайло","Нусратовна","ж","04.04.2009",null,10,10,29,63,"участник",null,"Гильфанова Лилия Габделфатовна","МБОУ \"Лицей №35\" НМР РТ","Биология"]
[293,"МБОУ «Лицей №35» НМР РТ","Ушкова","Валерия","Игоревна","ж","24.06.2009",null,10,10,0,63,"участник",null,"Гильфанова Лилия Габделфатовна","МБОУ \"Лицей №35\" НМР РТ","Биология"]
[294,"МБОУ «Лицей №35» НМР РТ","Харасов","Камиль","Ренатович","м","20.02.2009",null,10,10,16,63,"участник",null,"Гильфанова Лилия Габделфатовна","МБОУ \"Лицей №35\" НМР РТ","Биология"]
[295,"МБОУ «Лицей №35» НМР РТ","Худов","Руслан","Михайлович","м","15.06.2009",null,10,10,13,63,"участник",null,"Гильфанова Лилия Габделфатовна","МБОУ \"Лицей №35\" НМР РТ","Биология"]
[296,"МБОУ «Лицей №35» НМР РТ","Чадулина","Александра","Ивановна","ж","04.02.2009",null,10,10,44,63,"участник",null,"Гильфанова Лилия Габделфатовна","МБОУ \"Лицей №35\" НМР РТ","Биология"]
[297,"МБОУ «Лицей №35» НМР РТ","Шакирова","Язиля","Рустемовна","ж","26.11.2009",null,10,10,41,63,"участник",null,"Гильфанова Лилия Габделфатовна","МБОУ \"Лицей №35\" НМР РТ","Биология"]
[298,"МБОУ «Лицей №35» НМР РТ","Каленова","Александра","Дмитриевна","ж","24.09.2009",null,10,10,26,63,"участник",null,"Гильфанова Лилия Габделфатовна","МБОУ \"Лицей №35\" НМР РТ","Биология"]
[299,"МБОУ «Лицей №35» НМР РТ","Ануфриев","Иван","Александрович","м","02.01.2008",null,11,11,8,70,"участник",null,"Гильфанова Лилия Габделфатовна","МБОУ \"Лицей №35\" НМР РТ","Биология"]
[300,"МБОУ «Лицей №35» НМР РТ","Большакова","Милана","Евгеньевна","ж","29.07.2008",null,11,11,30,70,"участник",null,"Гильфанова Лилия Габделфатовна","МБОУ \"Лицей №35\" НМР РТ","Биология"]
[301,"МБОУ «Лицей №35» НМР РТ","Валеев","Карим","Ильвирович","м","31.10.2008",null,11,11,12,70,"участник",null,"Гильфанова Лилия Габделфатовна","МБОУ \"Лицей №35\" НМР РТ","Биология"]
[302,"МБОУ «Лицей №35» НМР РТ","Виноградова","Анастасия","Сергеевна","ж","08.11.2008",null,11,11,33,70,"участник",null,"Гильфанова Лилия Габделфатовна","МБОУ \"Лицей №35\" НМР РТ","Биология"]
[303,"МБОУ «Лицей №35» НМР РТ","Гилязетдинова","Алия","Ильдаровна","ж","08.09.2008",null,11,11,58,70,"победитель",null,"Гильфанова Лилия Габделфатовна","МБОУ \"Лицей №35\" НМР РТ","Биология"]
[304,"МБОУ «Лицей №35» НМР РТ","Джангидзе","Мариам","Зурабовна","ж","21.08.2008",null,11,11,57,70,"призер",null,"Гильфанова Лилия Габделфатовна","МБОУ \"Лицей №35\" НМР РТ","Биология"]
[305,"МБОУ «Лицей №35» НМР РТ","Камалова","Яна","Игоревна","ж","19.05.2008",null,11,11,55,70,"участник",null,"Гильфанова Лилия Габделфатовна","МБОУ \"Лицей №35\" НМР РТ","Биология"]
[306,"МБОУ «Лицей №35» НМР РТ","Марданов","Раиль","Альбертович","м","24.10.2008",null,11,11,33,70,"участник",null,"Гильфанова Лилия Габделфатовна","МБОУ \"Лицей №35\" НМР РТ","Биология"]
[307,"МБОУ «Лицей №35» НМР РТ","Мулюкова","Алия","Алмазовна","ж","18.09.2008",null,11,11,26,70,"участник",null,"Гильфанова Лилия Габделфатовна","МБОУ \"Лицей №35\" НМР РТ","Биология"]
[308,"МБОУ «Лицей №35» НМР РТ","Носков","Егор","Андреевич","м","27.02.2008",null,11,11,56,70,"призер","Да","Гильфанова Лилия Габделфатовна","МБОУ \"Лицей №35\" НМР РТ","Биология"]
[309,"МБОУ «Лицей №35» НМР РТ","Садыков","Эмиль","Русланович","м","05.07.2008",null,11,11,26,70,"участник",null,"Гильфанова Лилия Габделфатовна","МБОУ \"Лицей №35\" НМР РТ","Биология"]
[310,"МБОУ «Лицей №35» НМР РТ","Спиридонов","Артем","Алексеевич","м","01.12.2007",null,11,11,23,70,"участник",null,"Гильфанова Лилия Габделфатовна","МБОУ \"Лицей №35\" НМР РТ","Биология"]